Normal view MARC view
  • Ralph L.Shriner

Entry Personal Name

Number of records used in: 1

001 - CONTROL NUMBER

  • control field: 52774

003 - CONTROL NUMBER IDENTIFIER

  • control field: NUST

005 - DATE AND TIME OF LATEST TRANSACTION

  • control field: 20210421115506.0

008 - FIXED-LENGTH DATA ELEMENTS

  • fixed length control field: 210421|| aca||aabn | a|a d

040 ## - CATALOGING SOURCE

  • Original cataloging agency: NUST
  • Transcribing agency: NUST

100 ## - HEADING--PERSONAL NAME

  • Personal name: Ralph L.Shriner

670 ## - SOURCE DATA FOUND

  • Source citation: Work cat.: (NUST): Ralph L.Shriner, The Systematic Identification of Organic Compounds, 1075
© 2023 Central Library, National University of Sciences and Technology. All Rights Reserved.